Statistics for One Direction-Groups of Things

Click here to take the quiz!

General Stats

  • This quiz has been taken 439 times
    (433 since last reset)
  • The average score is 35 of 48

Answer Stats

HintAnswer% Correct
Members Fist NameHarry
97%
Members First NameNiall
96%
Members Last NameHoran
96%
Members Last NameStyles
96%
Members First NameZayn
96%
Members First NameLouis
96%
Members First NameLiam
96%
Members Last NameMalik
95%
Members Last NamePayne
95%
Members Last NameTomlinson
94%
SinglesWhat Makes You Beautiful
94%
Albums | SinglesMidnight Memories
92%
AlbumsUp All Night
92%
Members Middle NameJames
91%
Members Middle NameEdward
88%
AlbumsTake Me Home
88%
AlbumsFOUR
88%
AlbumsMade in the A.M.
86%
Members Middle NameWilliam
81%
SinglesLive While We're Young
81%
SinglesOne Thing
78%
SinglesDrag Me Down
78%
SinglesPerfect
76%
SinglesStory of My Life
76%
SinglesKiss You
75%
Members Middle NameJavaad
75%
Perfume | SinglesYou & I
75%
SinglesBest Song Ever
75%
SinglesLittle Things
74%
SinglesSteal My Girl
74%
SinglesHistory
72%
SinglesGotta Be You
71%
SinglesNight Changes
71%
PerfumeOur Moment
59%
SinglesOne Way Or Another (Teenage Kicks)
52%
TourTake Me Home Tour
43%
TourUp All Night Tour
42%
TourWhere We Are Tour
40%
SinglesMore Than This
35%
TourOn the Road Again Tour
35%
PerfumeThat Moment
31%
PerfumeBetween Us
27%
SNL Host when they were onPaul Rudd
10%
SNL Host when they were onAmy Adams
9%
SNL Host when they were onSofia Vergara
6%

Score Distribution

Percentile by Number Answered

Percent of People with Each Score

Your Score History

You have not taken this quiz since the last reset